000 00601nam a2200229 i 4500
001 C2-0125441
003 PPAK
005 20180727115153.0
008 970910s1991 vaua|||| ||||| | eng d
020 _a0809477041
040 _aPPAK
_beng
_cPPAK
_erda
082 0 4 _a909
_223
090 0 0 _a909
_bLOS
_dR
245 0 0 _aLost treasure
264 1 _aRichmond, Virginia :
_bTime-Life Books ,
_c1991
300 _a143 pages :
_billustrations ;
_c28 cm
336 _2rdacontent
_atext
337 _2rdamedia
_aunmediated
338 _2rdacarrier
_avolume
650 1 0 _aTreasure - Torve
942 _ddc
_cB
999 _c36929
_d36929